00680nam a2200193 i 450000100060000000300090000600500170001500700030003200800410003510000240007624500960010026000370019630000220023370000390025570000210029485200320031599900170034795201220036451239ES-MaACL20230906162325.0t|030811s1970 sp ||||1| spa d1 aDabezies, P.94239710aTeología de la violencia / cP. Dabezies, A. Dumas ; [tradujo Alfonso López Caballero]. aSalamanca : bSígueme, c1970. a154 p. ; c20 cm.1 aLópez Caballero, Alfonso.9734741 aDumas, A.945980 aES-MaACLjC-44261 bR.74366 c51239d51239 00104070aATENEOMbATENEOMcDEPO2d2008-01-17eSCl0oC-44261p1053892r2023-02-23 00:00:00w2023-02-23yMONOGRAFIA